VBA for modelers : (Record no. 19542)

MARC details
000 -LEADER
fixed length control field 00700nam a22002057a 4500
003 - CONTROL NUMBER IDENTIFIER
control field OSt
008 - FIXED-LENGTH DATA ELEMENTS--GENERAL INFORMATION
fixed length control field 230517b2016 |||||||| |||| 00| 0 eng d
020 ## - INTERNATIONAL STANDARD BOOK NUMBER
International Standard Book Number 9789355735577
082 ## - DEWEY DECIMAL CLASSIFICATION NUMBER
Classification number 658.40302855369
Item number ALB-V
100 ## - MAIN ENTRY--PERSONAL NAME
Personal name Albright, S. Christian
245 ## - TITLE STATEMENT
Title VBA for modelers :
Remainder of title developing decision support systems with Microsoft Excel /
Statement of responsibility, etc S. Christian Albright
250 ## - EDITION STATEMENT
Edition statement 5th ed.
260 ## - PUBLICATION, DISTRIBUTION, ETC. (IMPRINT)
Place of publication, distribution, etc Delhi :
Name of publisher, distributor, etc Cengage Learning,
Date of publication, distribution, etc 2016.
300 ## - PHYSICAL DESCRIPTION
Extent / Pages xxi, 710 p. ;
650 ## - SUBJECT ADDED ENTRY--TOPICAL TERM
Topical term or geographic name as entry element Decision support systems
650 ## - SUBJECT ADDED ENTRY--TOPICAL TERM
Topical term or geographic name as entry element Microsoft Excel (Computer file)
650 ## - SUBJECT ADDED ENTRY--TOPICAL TERM
Topical term or geographic name as entry element Microsoft Visual Basic for applications
650 ## - SUBJECT ADDED ENTRY--TOPICAL TERM
Topical term or geographic name as entry element Visual Basic for Applications (Computer program language)
942 ## - ADDED ENTRY ELEMENTS (KOHA)
Source of classification or shelving scheme
Koha item type Books
942 ## - ADDED ENTRY ELEMENTS (KOHA)
-- 3
Holdings
Withdrawn status Lost status Source of classification or shelving scheme Damaged status Not for loan Home library Current library Date acquired Source of acquisition Currency Cost, normal purchase price Full call number Barcode Date last seen Copy number Bill Date Koha item type Bill Number Total Checkouts Date last borrowed
          SOBD Library SOBD Library 17/05/2023 Vedi Books INR 999.00 658.40302855369 ALB-V1 003176 17/05/2023 1 17/04/2023 Reference Books VEDI/23-24/04/11    
          SOBD Library SOBD Library 17/05/2023 Vedi Books INR 999.00 658.40302855369 ALB-V2 003177 17/05/2023 2 17/04/2023 Books VEDI/23-24/04/11    
          SOBD Library SOBD Library 17/05/2023 Vedi Books INR 999.00 658.40302855369 ALB-V3 003178 17/05/2023 3 17/04/2023 Books VEDI/23-24/04/11    
          SOBD Library SOBD Library 17/05/2023 Vedi Books INR 999.00 658.40302855369 ALB-V4 003179 17/05/2023 4 17/04/2023 Books VEDI/23-24/04/11    
          SOBD Library SOBD Library 17/05/2023 Vedi Books INR 999.00 658.40302855369 ALB-V5 003180 12/12/2024 5 17/04/2023 Books VEDI/23-24/04/11    
          SOBD Library SOBD Library 17/05/2023 Vedi Books INR 999.00 658.40302855369 ALB-V6 003181 17/05/2023 6 17/04/2023 Books VEDI/23-24/04/11    
          SOBD Library SOBD Library 17/05/2023 Vedi Books INR 999.00 658.40302855369 ALB-V7 003182 17/05/2023 7 17/04/2023 Books VEDI/23-24/04/11    
          SOBD Library SOBD Library 17/05/2023 Vedi Books INR 999.00 658.40302855369 ALB-V8 003183 08/08/2024 8 17/04/2023 Books VEDI/23-24/04/11 2 05/08/2024
          SOBD Library SOBD Library 17/05/2023 Vedi Books INR 999.00 658.40302855369 ALB-V9 003184 17/05/2023 9 17/04/2023 Books VEDI/23-24/04/11    
          SOBD Library SOBD Library 17/05/2023 Vedi Books INR 999.00 658.40302855369 ALB-V10 003185 17/05/2023 10 17/04/2023 Books VEDI/23-24/04/11    
          SOBD Library SOBD Library 17/05/2023 Vedi Books INR 999.00 658.40302855369 ALB-V11 003186 17/05/2023 11 17/04/2023 Books VEDI/23-24/04/11    
          SOBD Library SOBD Library 17/05/2023 Vedi Books INR 999.00 658.40302855369 ALB-V12 003187 17/05/2023 12 17/04/2023 Books VEDI/23-24/04/11    
          SOBD Library SOBD Library 17/05/2023 Vedi Books INR 999.00 658.40302855369 ALB-V13 003188 17/05/2023 13 17/04/2023 Books VEDI/23-24/04/11    
          SOBD Library SOBD Library 17/05/2023 Vedi Books INR 999.00 658.40302855369 ALB-V14 003189 17/05/2023 14 17/04/2023 Books VEDI/23-24/04/11    
          SOBD Library SOBD Library 17/05/2023 Vedi Books INR 999.00 658.40302855369 ALB-V15 003190 17/05/2023 15 17/04/2023 Books VEDI/23-24/04/11    
          SOBD Library SOBD Library 17/05/2023 Vedi Books INR 999.00 658.40302855369 ALB-V16 003191 17/05/2023 16 17/04/2023 Books VEDI/23-24/04/11    
          SOBD Library SOBD Library 17/05/2023 Vedi Books INR 999.00 658.40302855369 ALB-V17 003192 02/08/2024 17 17/04/2023 Books VEDI/23-24/04/11 1 08/07/2024
          SOBD Library SOBD Library 17/05/2023 Vedi Books INR 999.00 658.40302855369 ALB-V18 003193 17/05/2023 18 17/04/2023 Books VEDI/23-24/04/11    
          SOBD Library SOBD Library 17/05/2023 Vedi Books INR 999.00 658.40302855369 ALB-V19 003194 17/05/2023 19 17/04/2023 Books VEDI/23-24/04/11    
          SOBD Library SOBD Library 17/05/2023 Vedi Books INR 999.00 658.40302855369 ALB-V20 003195 17/05/2023 20 17/04/2023 Books VEDI/23-24/04/11    
Hosted, Implemented, Customized & Maintained by: BestBookBuddies

Powered by Koha